[Event "Open Oberwart  2001"]
[Site "Oberwart (Burgenland/Austria)"]
[Date "2001.07.12"]
[Round "6"]
[White "Lakos, Nikoletta"]
[Black "Wolfram, Bernd"]
[Result "1-0"]
[WhiteElo "2339"]
[BlackElo "2121"]
[PlyCount "135"]
[EventDate "2001.07.12"]

1. e4 c5 2. Nf3 Nc6 3. Bb5 g6 4. O-O Bg7 5. Bxc6 dxc6 6. h3 Nf6 7. d3 O-O 8.
Qe2 b6 9. Re1 Ne8 10. e5 Nc7 11. Qe4 Qd5 12. Qh4 f6 13. Nc3 Qf7 14. Ne4 Ne6 15.
exf6 exf6 16. Bd2 g5 17. Qg3 Qc7 18. Nd6 Bd7 19. Re2 Rfd8 20. Rae1 Bf8 21. Ne4
Qxg3 22. fxg3 Be7 23. Bc3 Rf8 24. Nf2 Kf7 25. Ng4 25... Bd8 { } 26. Nge5+ fxe5
27. Nxe5+ Ke7 28. Nxd7 Kxd7 29. Rxe6 Rf7 30. Re8 Rc8 31. Rg8 Be7 32. Rxc8 Kxc8
33. Rf1 Rxf1+ 34. Kxf1 Kd7 35. Kf2 Ke6 36. Kf3 Kf5 37. g4+ Ke6 38. Ke4 a6 39.
b3 Bd6 40. Bd2 Be7 41. a4 Bd8 42. Be3 Be7 43. c4 Kf6 44. d4 Ke6 45. dxc5 bxc5
46. g3 h6 47. h4 Kf6 48. Bd2 Ke6 49. h5 Bd6 50. Bc3 Kf7 51. Be5 Be7 52. Kf5 Bf8
53. Bc7 Bg7 54. Bb6 Bf8 55. Ke5 Be7 56. Bc7 Bf8 57. Bd6 Bg7+ 58. Ke4 Bd4 59. b4
Bf2 60. b5 cxb5 61. axb5 axb5 62. cxb5 c4 63. Be5 Ke6 64. Bg7 Bc5 65. Bxh6 Kf6
66. Kf3 Bd6 67. Ke3 Bc5+ 68. Kd2 1-0

[Event "Open Oberwart  2001"]
[Site "Oberwart (Burgenland/Austria)"]
[Date "2001.07.12"]
[Round "6"]
[White "Ruck, Tamas"]
[Black "Herbst, Daniel"]
[Result "0-1"]
[WhiteElo "2315"]
[BlackElo "2118"]
[PlyCount "72"]
[EventDate "2001.07.12"]

1. e4 c5 2. Nf3 d6 3. d4 cxd4 4. Nxd4 Nf6 5. Nc3 a6 6. Bg5 e6 7. f4 Be7 8. Qf3
Qa5 9. O-O-O Bd7 10. g4 Nc6 11. Nb3 Qc7 12. Bxf6 gxf6 13. Bg2 Rc8 14. Kb1 b5
15. Rd2 Qb6 16. Re1 a5 17. Nd5 exd5 18. exd5 Ne5 19. fxe5 fxe5 20. Nd4 Bg5 21.
Rdd1 O-O 22. Nc6 Kh8 23. h4 Bf4 24. Qe2 Rc7 25. Be4 f6 26. Rg1 Bc8 27. Bf5 Bb7
28. Rgf1 b4 29. Qe4 Bxc6 30. dxc6 30... Qxc6 { } 31. Bxh7 d5 32. Qf5 Rxh7 33.
g5 Qd7 34. Qd3 Rxh4 35. g6 Kg7 36. Qf3 d4 0-1

[Event "Open Oberwart  2001"]
[Site "Oberwart (Burgenland/Austria)"]
[Date "2001.07.12"]
[Round "6"]
[White "Vodep, Otto"]
[Black "Vukovic, Ivo"]
[Result "1/2-1/2"]
[WhiteElo "2121"]
[BlackElo "2310"]
[PlyCount "95"]
[EventDate "2001.07.12"]

1. d4 Nf6 2. Nf3 d6 3. Nc3 Nbd7 4. e4 e5 5. Bc4 h6 6. O-O Be7 7. Qe2 c6 8. a4
Qc7 9. h3 g5 10. Bb3 Nf8 11. Qc4 Ne6 12. dxe5 dxe5 13. Ne2 O-O 14. Ng3 Ng7 15.
Qc3 Bd6 16. Rd1 Nh7 17. Be3 Re8 18. Bc5 Bxc5 19. Qxc5 Be6 20. Bxe6 Rxe6 21. Rd2
Qe7 22. Qxe7 Rxe7 23. Rad1 Rae8 24. Rd6 f6 25. Nh2 h5 26. Nhf1 h4 27. Nf5 Nxf5
28. exf5 e4 29. Ne3 Kg7 30. Ng4 Rf7 31. Kf1 Nf8 32. Ke2 Ree7 33. b4 Nd7 34. Re6
Nb6 35. Rdd6 Rxe6 36. fxe6 Re7 37. Ne3 Kg6 38. a5 Na4 39. Kd2 f5 40. Rd7 Rxe6
41. Rxb7 Rd6+ 42. Kc1 f4 43. Ng4 a6 44. Re7 Nc3 45. Re8 Na2+ 46. Kb2 Nxb4 47.
Rxe4 Nd5 48. Re8 {.} 1/2-1/2

[Event "Open Oberwart  2001"]
[Site "Oberwart (Burgenland/Austria)"]
[Date "2001.07.12"]
[Round "6"]
[White "Somogyi, Juergen"]
[Black "Groetz, Harald"]
[Result "1/2-1/2"]
[WhiteElo "2114"]
[BlackElo "2305"]
[PlyCount "70"]
[EventDate "2001.07.12"]

1. d4 Nf6 2. Nf3 g6 3. c4 Bg7 4. Nc3 O-O 5. e4 d6 6. Be2 e5 7. O-O Na6 8. d5
Nc5 9. Qc2 a5 10. Be3 b6 11. Nd2 Ng4 12. Bxg4 Bxg4 13. f3 Bd7 14. b3 f5 15. a3
Qe8 16. b4 axb4 17. axb4 Na4 18. Ra3 Nxc3 19. Qxc3 Qe7 20. c5 bxc5 21. bxc5
fxe4 22. Nxe4 Bf5 23. cxd6 cxd6 24. Rxa8 Rxa8 25. Qc6 Ra3 26. Bf2 Bxe4 27. fxe4
h5 28. Bb6 Ra2 29. Qc8+ Kh7 30. Qd8 Qxd8 31. Bxd8 Re2 32. Rf7 Kh6 33. h4 g5 34.
Bxg5+ Kg6 35. Rd7 35... Bf8 {.} 1/2-1/2

[Event "Open Oberwart  2001"]
[Site "Oberwart (Burgenland/Austria)"]
[Date "2001.07.12"]
[Round "6"]
[White "Sulyok, Michael"]
[Black "Dietmayer-Kraeutler, Marco"]
[Result "1-0"]
[WhiteElo "2278"]
[BlackElo "2114"]
[PlyCount "75"]
[EventDate "2001.07.12"]

1. c4 e5 2. g3 g6 3. Bg2 Bg7 4. Nc3 Nc6 5. e4 d6 6. Nge2 Be6 7. d3 Nge7 8. Nd5
O-O 9. O-O Qc8 10. Be3 f5 11. Qd2 { } 11... f4 12. gxf4 Bh3 13. f3 Bxg2 14.
Kxg2 exf4 15. Nexf4 Nxd5 16. cxd5 Ne5 17. Ne6 Rf7 18. Rac1 c6 19. d4 Nd7 20.
Qc3 c5 21. Nxg7 Rxg7 22. dxc5 dxc5 23. Bxc5 Nxc5 24. Qxc5 Qd8 25. d6 g5 26. e5
g4 27. f4 Qh4 28. Qd5+ Kh8 29. Rc3 Rag8 30. d7 Rg6 31. Rc8 Qh3+ 32. Kg1 Qe3+
33. Kh1 Qe2 34. Rxg8+ Rxg8 35. Qxg8+ Kxg8 36. d8=Q+ Kf7 37. Qd5+ Kg6 38. Qg2
1-0

[Event "Open Oberwart  2001"]
[Site "Oberwart (Burgenland/Austria)"]
[Date "2001.07.13"]
[Round "7"]
[White "Eingorn, Vereslav"]
[Black "Loginov, Valery"]
[Result "1/2-1/2"]
[WhiteElo "2598"]
[BlackElo "2507"]
[PlyCount "57"]
[EventDate "2001.07.13"]

1. Nf3 Nf6 2. c4 b6 3. Nc3 Bb7 4. d4 e6 5. a3 g6 6. e3 Bg7 7. Bd3 c5 8. d5 exd5
9. cxd5 O-O 10. e4 d6 11. O-O Ba6 12. h3 b5 13. Re1 Qb6 14. a4 b4 15. Nb5 Nbd7
16. Bf4 Ne8 17. Nd2 Qb8 18. Nc4 Nb6 19. Bxd6 Nxd6 20. Nbxd6 Bxc4 21. Nxc4 Nxc4
22. Bxc4 Bxb2 23. Ra2 Bc3 24. Rf1 Qe5 25. Re2 g5 26. g3 Kh8 27. Kh2 Rg8 28. Qd3
Rg6 29. Re3 {.} 1/2-1/2

[Event "Open Oberwart  2001"]
[Site "Oberwart (Burgenland/Austria)"]
[Date "2001.07.13"]
[Round "7"]
[White "Farago, Ivan"]
[Black "Ulibin, Mikhail"]
[Result "1/2-1/2"]
[WhiteElo "2504"]
[BlackElo "2583"]
[PlyCount "41"]
[EventDate "2001.07.13"]

1. d4 e6 2. c4 f5 3. Nf3 Nf6 4. g3 d5 5. Bg2 c6 6. O-O Bd6 7. b3 Qe7 8. Ne5 O-O
9. Qc2 Ne4 10. Bb2 b6 11. Nd2 Bb7 12. Nxe4 fxe4 13. f3 c5 14. dxc5 Bxe5 15.
Bxe5 Qxc5+ 16. Kh1 Nd7 17. Qb2 Nxe5 18. Qxe5 Rae8 19. Rac1 Rf5 20. Qb2 exf3 21.
Bxf3 {.} 1/2-1/2

[Event "Open Oberwart  2001"]
[Site "Oberwart (Burgenland/Austria)"]
[Date "2001.07.13"]
[Round "7"]
[White "Zelcic, Robert"]
[Black "Mohsen, Khaled"]
[Result "1-0"]
[WhiteElo "2534"]
[BlackElo "2355"]
[PlyCount "74"]
[EventDate "2001.07.13"]

1. e4 c5 2. Nf3 d6 3. d4 cxd4 4. Qxd4 Nc6 5. Bb5 Bd7 6. Bxc6 Bxc6 7. Nc3 e5 8.
Qd3 f5 9. exf5 Nf6 10. O-O Qd7 11. Ng5 { } 11... O-O-O 12. Ne6 Re8 13. b4 b6
14. b5 Bb7 15. Bg5 d5 16. Rad1 d4 17. Rfe1 Bd6 18. Bxf6 gxf6 19. Ne4 Rhg8 20.
f3 Be7 21. c3 Bd5 22. cxd4 exd4 23. Rc1+ Kb8 24. Rc7 Qxc7 25. Nxc7 Kxc7 26. g4
Bc5 27. Kf1 Bxe4 28. Rxe4 Rxe4 29. Qxe4 Rd8 30. Qc6+ Kb8 31. Qxf6 Rd7 32. Qe5+
Kc8 33. f6 d3 34. Ke1 Bd6 35. Qe8+ Kc7 36. f7 Rd8 37. Qc6+ Kb8 1-0

[Event "Open Oberwart  2001"]
[Site "Oberwart (Burgenland/Austria)"]
[Date "2001.07.13"]
[Round "7"]
[White "Gagarin, Vasilij"]
[Black "Burmakin, Vladimir"]
[Result "0-1"]
[WhiteElo "2431"]
[BlackElo "2593"]
[PlyCount "82"]
[EventDate "2001.07.13"]

1. d4 d5 2. c4 c6 3. Nc3 Nf6 4. e3 a6 5. Qc2 b5 6. b3 Bg4 7. Nge2 Bh5 8. Nf4
Bg6 9. Nxg6 hxg6 10. g3 Nbd7 11. Bg2 Nb6 12. c5 Nbd7 13. f4 e6 14. O-O Be7 15.
Bd2 a5 16. Nd1 Ng4 17. h3 Nh6 18. Be1 g5 19. g4 f5 20. Bg3 O-O 21. Nf2 gxf4 22.
exf4 fxg4 23. hxg4 Bh4 24. Qc3 Bxg3 25. Qxg3 Qf6 26. g5 26... Nf5 { } 27. Qh3
Qxd4 28. g6 Nf6 29. Rae1 Rfe8 30. Kh1 Nh5 31. Ng4 Nhg3+ 32. Kh2 Nxf1+ 33. Rxf1
Nh6 34. Nxh6+ gxh6 35. f5 exf5 36. Rxf5 Ra7 37. Qg3 Rae7 38. Bf3 Re5 39. Rf4
Qd2+ 40. Kh3 Qe1 41. Qg4 Rg5 0-1

[Event "Open Oberwart  2001"]
[Site "Oberwart (Burgenland/Austria)"]
[Date "2001.07.13"]
[Round "7"]
[White "Horvath, Peter"]
[Black "Gleizerov, Evgeny"]
[Result "1/2-1/2"]
[WhiteElo "2441"]
[BlackElo "2587"]
[PlyCount "24"]
[EventDate "2001.07.13"]

1. d4 e6 2. c4 f5 3. Nf3 Nf6 4. g3 d5 5. Bg2 c6 6. O-O Bd6 7. Qc2 O-O 8. Nc3
Ne4 9. Rb1 Qe7 10. b4 Bd7 11. c5 Bc7 12. a4 12... a6 {.} 1/2-1/2

[Event "Open Oberwart  2001"]
[Site "Oberwart (Burgenland/Austria)"]
[Date "2001.07.13"]
[Round "7"]
[White "Weiss, Christian"]
[Black "Dvoirys, Semen"]
[Result "0-1"]
[WhiteElo "2403"]
[BlackElo "2578"]
[PlyCount "72"]
[EventDate "2001.07.13"]

1. Nf3 Nf6 2. c4 c5 3. Nc3 e6 4. g3 b6 5. Bg2 Bb7 6. O-O Be7 7. Re1 d6 8. e4 a6
9. b3 O-O 10. d4 cxd4 11. Nxd4 Qc7 12. Bb2 Nbd7 13. h3 Rfe8 14. f4 Bf8 15. Rc1
Rac8 16. Rc2 g6 17. f5 Ne5 18. fxe6 fxe6 19. Rf2 Bg7 20. Ref1 Nfd7 21. h4 Re7
22. Bh3 22... Rce8 { } 23. Ba3 Nc5 24. Nxe6 Rxe6 25. Nd5 Qd8 26. Bxe6+ Rxe6 27.
Bxc5 bxc5 28. Rd2 Re8 29. Rdf2 Qd7 30. Kg2 Bc8 31. Nf4 Ng4 32. Re2 Bd4 33. Rf3
Nf6 34. Qd3 Nh5 35. Kf1 Rf8 36. Ke1 Qg4 0-1

[Event "Open Oberwart  2001"]
[Site "Oberwart (Burgenland/Austria)"]
[Date "2001.07.13"]
[Round "7"]
[White "Ruck, Robert"]
[Black "Kupreichik, Viktor"]
[Result "1-0"]
[WhiteElo "2573"]
[BlackElo "2443"]
[PlyCount "90"]
[EventDate "2001.07.13"]

1. Nf3 d5 2. d4 Nf6 3. c4 c6 4. Nc3 dxc4 5. a4 Bf5 6. Ne5 Nbd7 7. Nxc4 Nd5 8.
f3 e5 9. e4 Nxc3 10. bxc3 Be6 11. Ne3 exd4 12. cxd4 Bb4+ 13. Bd2 Qg5 14. Kf2
Bxd2 15. Qxd2 O-O 16. Bd3 Rad8 17. Rhd1 Nf6 18. Nc2 Qh4+ 19. Kg1 Rd7 20. Rab1
Rfd8 21. Qa5 b6 22. Qc3 Rd6 23. Bf1 Nh5 24. Ne3 Nf4 25. Rb2 Bc8 26. g3 Qg5 27.
Rbd2 { } 27... h5 28. Kh1 Ne6 29. f4 Qa5 30. Qxa5 bxa5 31. Nf5 R6d7 32. e5 Nc5
33. Nd6 Rxd6 34. exd6 Nxa4 35. Ra1 Nc3 36. Rxa5 Rxd6 37. Rxa7 Ne4 38. Re2 Bf5
39. Ra4 Kh7 40. Re3 c5 41. dxc5 Rd1 42. Kg2 Nxc5 43. Ra5 Rd5 44. Bc4 Rd2+ 45.
Re2 Be4+ 1-0

[Event "Open Oberwart  2001"]
[Site "Oberwart (Burgenland/Austria)"]
[Date "2001.07.13"]
[Round "7"]
[White "Wallner, Joachim"]
[Black "Cvitan, Ognjen"]
[Result "0-1"]
[WhiteElo "2369"]
[BlackElo "2555"]
[PlyCount "40"]
[EventDate "2001.07.13"]

1. e4 c5 2. Nf3 e6 3. d4 cxd4 4. Nxd4 a6 5. Nc3 d6 6. Be3 b5 7. Bd3 Bb7 8. O-O
Nf6 9. a3 Nbd7 10. f4 Rc8 11. Qf3 Be7 12. Rae1 Nc5 13. Kh1 O-O 14. Qh3 Qd7 15.
Bf2 g6 16. Bh4 d5 17. e5 Nfe4 18. Bxe4 Nxe4 19. Nxe4 dxe4 20. Bf6 20... Bxf6 { 
} 0-1

[Event "Open Oberwart  2001"]
[Site "Oberwart (Burgenland/Austria)"]
[Date "2001.07.13"]
[Round "7"]
[White "Bannink, Bernard"]
[Black "Stanec, Nikolaus"]
[Result "1/2-1/2"]
[WhiteElo "2246"]
[BlackElo "2530"]
[PlyCount "48"]
[EventDate "2001.07.13"]

1. d4 Nf6 2. Nf3 g6 3. Nc3 d5 4. Bf4 c6 5. e3 Nbd7 6. Be2 Nh5 7. Bg5 h6 8. Bh4
g5 9. Ne5 Nxe5 10. dxe5 Ng7 11. Bg3 Nf5 12. Qd2 Bg7 13. f4 gxf4 14. exf4 Be6
15. Bf2 h5 16. O-O h4 17. Bf3 Qc7 18. Ne2 a6 19. Nd4 Nxd4 20. Qxd4 f6 21. Qd3
Qd7 22. Qg6+ Kf8 23. exf6 exf6 24. Bc5+ 24... Kg8 {.} 1/2-1/2

[Event "Open Oberwart  2001"]
[Site "Oberwart (Burgenland/Austria)"]
[Date "2001.07.13"]
[Round "7"]
[White "Lalic, Bogdan"]
[Black "Dobrov, Vladimir"]
[Result "1/2-1/2"]
[WhiteElo "2528"]
[BlackElo "2409"]
[PlyCount "83"]
[EventDate "2001.07.13"]

1. e4 c5 2. Nf3 Nc6 3. d4 cxd4 4. Nxd4 Nf6 5. Nc3 e5 6. Ndb5 d6 7. Bg5 a6 8.
Na3 b5 9. Bxf6 gxf6 10. Nd5 f5 11. c3 Bg7 12. exf5 Bxf5 13. Nc2 O-O 14. Nce3
Be6 15. Bd3 f5 16. Qh5 Ra7 17. Bc2 b4 18. Rd1 e4 19. O-O bxc3 20. bxc3 Ne7 21.
Nf4 Bf7 22. Bb3 Bxb3 23. axb3 Qd7 24. Nc4 Nc8 25. f3 Rb7 26. fxe4 Rxb3 27. Nd5
f4 28. Nxf4 Rxc3 29. Qd5+ Kh8 30. e5 Qa7+ 31. Kh1 Ne7 32. Qe6 dxe5 33. Nxe5 Re3
34. Nf7+ Kg8 35. Ne5+ Kh8 36. Nfd3 Rxf1+ 37. Rxf1 h6 38. Qg4 Qb7 39. h3 Qe4 40.
Qh5 Rxd3 41. Nxd3 Qxd3 42. Rd1 {.} 1/2-1/2

[Event "Open Oberwart  2001"]
[Site "Oberwart (Burgenland/Austria)"]
[Date "2001.07.13"]
[Round "7"]
[White "Krivoshey, Sergei"]
[Black "Kiss, Attila"]
[Result "1-0"]
[WhiteElo "2449"]
[BlackElo "2361"]
[Annotator "FRITZ 6"]
[PlyCount "81"]
[EventDate "2001.07.13"]

1. Nf3 Nf6 2. c4 e6 3. Nc3 c5 4. g3 b6 5. Bg2 Bb7 6. O-O a6 7. Re1 Be7 8. e4 d6
9. d4 cxd4 10. Nxd4 Qc7 11. f4 O-O 12. Be3 Nbd7 13. Rc1 Rfe8 14. g4 g6 15. g5
Nh5 16. Qg4 Bf8 17. Red1 Rac8 18. b3 Bg7 19. Nde2 Nc5 20. Qh3 f6 21. b4 Nd7 22.
Nd4 Nf8 23. f5 fxg5 24. Nxe6 Nxe6 25. fxe6 Bxc3 26. Rxc3 Ng7 27. Bxg5 Rxe6 28.
Qh4 Rce8 29. Rd4 b5 30. c5 dxc5 31. Rxc5 Qf7 32. Rc1 Rc6 33. Rcd1 Rc7 34. Rd8
Ne6 35. Rxe8+ Qxe8 36. Bf6 Rc2 37. Qh6 Qf8 38. Bh3 { } 38... Ng7 (38... Qxf6
39. Bxe6+ Kh8 40. Qe3 Bxe4 41. Bh3 41... Rxa2 $19) 39. Qxg7+ Qxg7 40. Be6+ Qf7
41. Rd8# 1-0

[Event "Open Oberwart  2001"]
[Site "Oberwart (Burgenland/Austria)"]
[Date "2001.07.13"]
[Round "7"]
[White "Posch, Werner"]
[Black "Golubovic, Boris"]
[Result "0-1"]
[WhiteElo "2251"]
[BlackElo "2465"]
[PlyCount "96"]
[EventDate "2001.07.13"]

1. e4 c6 2. d3 d5 3. Nd2 e5 4. Ngf3 Bd6 5. g3 Nf6 6. Bg2 O-O 7. O-O Re8 8. Re1
Nbd7 9. c3 Qc7 10. Qc2 a5 11. a4 b6 12. d4 exd4 13. Nxd4 Ba6 14. N4f3 Nc5 15.
exd5 Rxe1+ 16. Nxe1 Re8 17. Ndf3 cxd5 18. Be3 Ng4 19. Ng5 Ne4 20. Nxe4 Nxe3 21.
fxe3 dxe4 22. Bxe4 Qe7 23. Bf3 Qxe3+ 24. Qf2 Bc5 25. Qxe3 Bxe3+ 26. Kg2 26...
Rd8 { } 27. Rd1 Rxd1 28. Bxd1 Bc1 29. b4 Bd2 30. b5 Bc8 31. Nd3 Bxc3 32. Nf4
Kf8 33. Kf3 Bb7+ 34. Ke3 Be5 35. Nd3 Bd6 36. Kd4 Ke7 37. Bg4 g6 38. Bh3 h5 39.
Bf1 Bf3 40. Kc4 g5 41. Nc1 Ke6 42. Nb3 Bd5+ 43. Kc3 Be5+ 44. Kc2 Kd6 45. Bd3 f6
46. Bf5 Bf7 47. Be4 Be6 48. Bb7 h4 0-1

[Event "Open Oberwart  2001"]
[Site "Oberwart (Burgenland/Austria)"]
[Date "2001.07.13"]
[Round "7"]
[White "Rogulj, Branko"]
[Black "Lakos, Nikoletta"]
[Result "1-0"]
[WhiteElo "2460"]
[BlackElo "2339"]
[PlyCount "67"]
[EventDate "2001.07.13"]

1. e4 c5 2. Nc3 d6 3. g3 Nc6 4. Bg2 g6 5. d3 Bg7 6. f4 e6 7. Nf3 Nge7 8. O-O
O-O 9. Be3 b6 10. Bf2 Bb7 11. Qd2 Qd7 12. d4 Rad8 13. Rad1 Qc8 14. Rfe1 Na5 15.
Qc1 Qa8 16. Nh4 cxd4 17. Bxd4 e5 18. Bf2 Bh6 19. Nd5 Nxd5 20. exd5 Bc8 21. c4
Ba6 22. b3 Qc8 23. Be3 f6 24. Nf3 Rde8 25. Qa3 exf4 26. Bf2 { } 26... Qc7 27.
Nd4 fxg3 28. hxg3 Bc8 29. Nb5 Qd7 30. Qxd6 a6 31. Qxd7 Bxd7 32. Nc7 Rxe1+ 33.
Rxe1 b5 34. c5 1-0

[Event "Open Oberwart  2001"]
[Site "Oberwart (Burgenland/Austria)"]
[Date "2001.07.13"]
[Round "7"]
[White "Zimmerman, Yuri"]
[Black "Fercec, Nenad"]
[Result "0-1"]
[WhiteElo "2346"]
[BlackElo "2456"]
[PlyCount "62"]
[EventDate "2001.07.13"]

1. d4 Nf6 2. c4 c5 3. d5 e6 4. Nc3 exd5 5. cxd5 d6 6. e4 g6 7. Bd3 Bg7 8. h3
O-O 9. Nf3 a6 10. O-O Nh5 11. Bg5 Bf6 12. Be3 Nd7 13. Be2 b5 14. Nd2 Ng7 15.
Qc2 Be7 16. f4 f5 17. Bf3 fxe4 18. Ncxe4 Nf5 19. Bf2 Bb7 20. Qb3 Rb8 21. a4 c4
22. Qb4 Bxd5 23. axb5 Bf7 24. Ng5 Bxg5 25. fxg5 Rxb5 26. Qc3 26... Ne5 { } 27.
Ne4 Rb3 28. Nf6+ Kg7 29. Qc1 Rxf3 30. g4 Qa8 31. Ra3 Rxa3 0-1

[Event "Open Oberwart  2001"]
[Site "Oberwart (Burgenland/Austria)"]
[Date "2001.07.13"]
[Round "7"]
[White "Sulyok, Michael"]
[Black "Balinov, Ilia"]
[Result "1/2-1/2"]
[WhiteElo "2278"]
[BlackElo "2425"]
[PlyCount "109"]
[EventDate "2001.07.13"]

1. c4 e5 2. g3 Nf6 3. Bg2 d5 4. cxd5 Nxd5 5. Nf3 Nc6 6. O-O Nb6 7. d3 Be7 8.
Nbd2 O-O 9. a3 a5 10. b3 f6 11. Bb2 Be6 12. Qc2 Qd7 13. e3 Bf5 14. Ne4 Rfd8 15.
d4 exd4 16. Nxd4 Nxd4 17. Bxd4 Kh8 18. Qb2 Qe6 19. Nc5 Bxc5 20. Bxc5 Rd3 21.
Rfd1 Rxb3 22. Qd4 Rb8 23. Qd8+ Rxd8 24. Rxd8+ Qg8 25. Rxg8+ Kxg8 26. Bxb7 Be6
27. Bf3 Nd7 28. Ba7 c5 29. a4 Kf7 30. Rc1 c4 31. Bd4 Ne5 32. Bd1 Ra3 33. f4 Nc6
34. Bb6 Ke8 35. Bf3 Ne7 36. Bxa5 Rxa4 37. Bc3 Bd5 38. e4 Bc6 39. Kf2 Ra2+ 40.
Ke3 Rxh2 41. Bb4 Bb5 42. Bxe7 Kxe7 43. Be2 Rh3 44. Kf2 Rh2+ 45. Ke3 Rh3 46. Kf2
Bc6 47. Rxc4 Rh2+ 48. Kf3 Kd6 49. Bd3 f5 50. Ke3 Rg2 51. e5+ Kd5 52. Rd4+ Kc5
53. Rc4+ Kd5 54. Rd4+ Kc5 55. Rc4+ {.} 1/2-1/2

[Event "Open Oberwart  2001"]
[Site "Oberwart (Burgenland/Austria)"]
[Date "2001.07.13"]
[Round "7"]
[White "Nickl, Klaus"]
[Black "Kovacs, Gabor"]
[Result "0-1"]
[WhiteElo "2233"]
[BlackElo "2402"]
[PlyCount "66"]
[EventDate "2001.07.13"]

1. d4 Nf6 2. Nf3 e6 3. e3 b6 4. Bd3 c5 5. O-O Be7 6. Nbd2 O-O 7. b3 cxd4 8.
exd4 Bb7 9. Bb2 d5 10. Ne5 Nc6 11. a3 Nxe5 12. dxe5 Nd7 13. Re1 Nc5 14. Bf1 Rc8
15. Rc1 Rc7 16. g3 Qa8 17. Nf3 Ne4 18. Nd4 a6 19. h4 19... Re8 { } 20. Kh2 Nxf2
21. Qf3 Ne4 22. Bd3 Bf8 23. Re2 f5 24. exf6 Rf7 25. Bxe4 dxe4 26. Qe3 Rxf6 27.
Rf2 Rxf2+ 28. Qxf2 Bd6 29. Ne2 Qd8 30. Kh3 Rf8 31. Qd4 e5 32. Qc4+ Kh8 33. Rd1
Qf6 0-1

[Event "Open Oberwart  2001"]
[Site "Oberwart (Burgenland/Austria)"]
[Date "2001.07.13"]
[Round "7"]
[White "Freitag, Manfred"]
[Black "Hager, Herbert"]
[Result "1-0"]
[WhiteElo "2384"]
[BlackElo "2144"]
[PlyCount "91"]
[EventDate "2001.07.13"]

1. d4 Nf6 2. c4 g6 3. Nc3 d5 4. cxd5 Nxd5 5. e4 Nxc3 6. bxc3 Bg7 7. Nf3 O-O 8.
Be2 c5 9. Rb1 Nc6 10. d5 Bxc3+ 11. Bd2 Bxd2+ 12. Qxd2 Nd4 13. Nxd4 cxd4 14.
Qxd4 Qa5+ 15. Qd2 Qxd2+ 16. Kxd2 Rd8 17. Rhd1 b6 18. Rbc1 e6 19. Bf3 Bb7 20.
Ke3 exd5 21. exd5 Rd7 22. d6 Re8+ 23. Kf4 Bxf3 24. Kxf3 Re6 25. Rc6 Rf6+ 26.
Ke4 Kg7 27. f4 h5 28. g3 Rf5 29. Rd5 Rf6 30. Rd4 Rf5 31. Rd5 Rf6 32. h3 Re6+
33. Kd4 Kf6 34. g4 hxg4 35. hxg4 Re1 36. g5+ Ke6 37. Re5+ Rxe5 38. fxe5 Rb7 39.
Rc1 f6 40. gxf6 Rh7 41. Rf1 Rh4+ 42. Ke3 Rh7 43. Kf4 Kf7 44. d7 Rh8 45. Rd1 Rd8
46. Rd6 {.} 1-0

[Event "Open Oberwart  2001"]
[Site "Oberwart (Burgenland/Austria)"]
[Date "2001.07.13"]
[Round "7"]
[White "Herbst, Daniel"]
[Black "Mahdy, Khaled"]
[Result "1/2-1/2"]
[WhiteElo "2118"]
[BlackElo "2348"]
[PlyCount "97"]
[EventDate "2001.07.13"]

1. g3 d5 2. Bg2 c6 3. Nf3 Bg4 4. d3 Nd7 5. Nbd2 e6 6. O-O Ngf6 7. Re1 Bc5 8. c3
a5 9. d4 Be7 10. Nf1 Bh5 11. Bg5 O-O 12. N1d2 a4 13. c4 Re8 14. h3 Qa5 15. c5
b6 16. cxb6 Qxb6 17. b3 c5 18. Be3 axb3 19. dxc5 Bxc5 20. Bxc5 Nxc5 21. Nxb3
Nfe4 22. Nxc5 Qxc5 23. Qd4 Bxf3 24. Qxc5 Nxc5 25. Bxf3 g6 26. Rec1 Ra5 27. Rc2
Re7 28. Rb1 Rea7 29. Rbb2 Kg7 30. Kf1 R7a6 31. Ke1 h5 32. h4 Ra7 33. Kd1 Kf6
34. Kc1 d4 35. Kd2 Nd7 36. Bc6 Ne5 37. Bb5 Ra3 38. Rb4 Rxa2 39. Rxd4 R7a5 40.
Bd3 Rxc2+ 41. Kxc2 Ra1 42. Kd2 Ke7 43. Rf4 Ra2+ 44. Ke3 Ng4+ 45. Kf3 Ra1 46.
Kg2 Ne5 47. Bb5 Rb1 48. Ba6 Ra1 49. Bb5 {.} 1/2-1/2

[Event "Open Oberwart  2001"]
[Site "Oberwart (Burgenland/Austria)"]
[Date "2001.07.13"]
[Round "7"]
[White "Cosic, Radoslav"]
[Black "Dittmar, Peter"]
[Result "1/2-1/2"]
[WhiteElo "2099"]
[BlackElo "2348"]
[PlyCount "82"]
[EventDate "2001.07.13"]

1. e4 c5 2. d3 e6 3. g3 d5 4. Nd2 Bd6 5. Qg4 Kf8 6. Qe2 Nc6 7. c3 Nge7 8. Ngf3
b5 9. a3 a5 10. e5 Bc7 11. Nb3 Bb6 12. a4 bxa4 13. Rxa4 Ba6 14. Na1 Qc7 15. h4
Ng6 16. Bf4 Bb5 17. Ra3 Nxf4 18. gxf4 Ne7 19. h5 d4 20. c4 Bc6 21. Bg2 Qb7 22.
Kf1 Nf5 23. Ne1 Bxg2+ 24. Nxg2 Ke7 25. Rh3 a4 26. Qg4 Ba5 27. Ra2 a3 28. Qe2
Rhb8 29. Rxa3 Bc3 30. Nc2 Qxb2 31. Rxa8 Rxa8 32. Nce1 Qxe2+ 33. Kxe2 Ra2+ 34.
Kf3 h6 35. Rh1 Ra1 36. Ke2 Kf8 37. Rf1 { } 37... Bxe1 38. Nxe1 Ke8 39. Nf3 Rxf1
40. Kxf1 Kd7 41. Nd2 Kc6 1/2-1/2

[Event "Open Oberwart  2001"]
[Site "Oberwart (Burgenland/Austria)"]
[Date "2001.07.13"]
[Round "7"]
[White "Medvegy, Zoltan"]
[Black "Angerer, Michael"]
[Result "1-0"]
[WhiteElo "2430"]
[BlackElo "2036"]
[PlyCount "61"]
[EventDate "2001.07.13"]

1. e4 d5 2. exd5 Nf6 3. Bb5+ Nbd7 4. c4 a6 5. Bxd7+ Bxd7 6. d4 g6 7. Nf3 Bg7 8.
O-O b5 9. b3 O-O 10. Ne5 Bc8 11. Nc6 Qd7 12. Ba3 Re8 13. Qf3 Bb7 14. Na5 Rab8
15. Nxb7 Rxb7 16. Nd2 Rbb8 17. Rad1 bxc4 18. bxc4 c6 19. dxc6 Qxd4 20. Nb3 Qb6
21. Rd7 { } 21... e5 22. Bc5 e4 23. Bxb6 exf3 24. c5 Rbc8 25. Rd6 Ne4 26. gxf3
Ng5 27. Rfd1 Nxf3+ 28. Kf1 Bf8 29. c7 Bxd6 30. cxd6 Ne5 31. Nc5 1-0

[Event "Open Oberwart  2001"]
[Site "Oberwart (Burgenland/Austria)"]
[Date "2001.07.13"]
[Round "7"]
[White "Danner, Georg"]
[Black "Seifert, Milan"]
[Result "1-0"]
[WhiteElo "2421"]
[BlackElo "2200"]
[PlyCount "41"]
[EventDate "2001.07.13"]

1. d4 g6 2. c4 Bg7 3. Nc3 d6 4. e4 Nf6 5. Be2 O-O 6. Nf3 e5 7. d5 Ne8 8. g3 f5
9. exf5 gxf5 10. Nh4 Nd7 11. f4 a5 12. O-O Nc5 13. Be3 b6 14. Qd2 Ne4 15. Nxe4
fxe4 16. fxe5 Rxf1+ 17. Rxf1 Bxe5 18. Bd4 Qe7 19. Bh5 Nf6 20. Bxe5 Qxe5 21. Qh6
{ } 1-0

[Event "Open Oberwart  2001"]
[Site "Oberwart (Burgenland/Austria)"]
[Date "2001.07.13"]
[Round "7"]
[White "Steiner, Bruno"]
[Black "Lendwai, Reinhard"]
[Result "0-1"]
[WhiteElo "2206"]
[BlackElo "2380"]
[PlyCount "104"]
[EventDate "2001.07.13"]

1. e4 c6 2. d4 d5 3. Nc3 dxe4 4. Nxe4 Bf5 5. Ng3 Bg6 6. h4 h6 7. Nf3 Nf6 8. h5
Bh7 9. Bd3 Bxd3 10. Qxd3 e6 11. Bd2 c5 12. O-O-O Nc6 13. Bc3 Qd5 14. dxc5 Qxd3
15. Rxd3 Bxc5 16. Bxf6 gxf6 17. Ne4 Be7 18. Nd4 f5 19. Nc3 Ne5 20. Rdd1 O-O-O
21. f4 Ng4 22. Nf3 Bc5 23. Ne2 Rhg8 24. g3 Be3+ 25. Kb1 Nf2 26. Rxd8+ Rxd8 27.
Re1 Ng4 28. a3 Rd6 29. Ka2 Kd8 30. b4 Ke7 31. Kb3 Rd8 32. a4 Rd6 33. Rf1 33...
Nf6 { } 34. Ne5 Rd2 35. Nc3 Bd4 36. Nb1 Rg2 37. Nc4 Rxg3+ 38. c3 Nd5 39. Rc1 b6
40. b5 Nxf4 41. Rd1 Bxc3 42. Nxc3 Ne2 43. Ne5 Rxc3+ 44. Kb2 Rc7 45. Nc6+ Kf6
46. Rd2 Nf4 47. Rd8 Nd5 48. Ra8 f4 49. Kc2 Nb4+ 50. Kd2 Nxc6 51. bxc6 Rxc6 52.
Rxa7 Rc5 0-1